La pequeña y media industria en España

Saved in:
Bibliographic Details
Format: Book
Language:Spanish
Published: Madrid Centro de Estudios Sociales del Valle de Los Caídos 1971
Series:Anales de Moral Social y Económica, 27,29
Subjects:
Tags: Add Tag
No Tags, Be the first to tag this record!

MARC

LEADER 00000nam a2200000 a 4500
001 UCL4473
003 CL-VaPUC
008 040116e19710000SP |||||||||||||||||spa|d
082 0 4 |a 338.642  |b PEQ  |2 21 
245 1 3 |a La pequeña y media industria en España 
300 |a v 
942 |c BK 
945 |d 20040116 00:00:00  |a vberengu 
260 |a Madrid  |b Centro de Estudios Sociales del Valle de Los Caídos  |c 1971 
650 0 |a Empresas   |9 255569 
650 0 |a Desarrollo industrial  |9 322675 
650 0 |a Crecimiento económico   |9 314037 
650 0 |a Desarrollo económico y social   |9 256320 
651 0 |a España  |9 254926 
583 |a last modification  |c 20040116 00:00:00  |k Rodrigo Vera 
490 0 |a Anales de Moral Social y Económica, 27,29 
999 |c 307301  |d 307299 
952 |0 0  |1 0  |4 0  |6 338_642000000000000_PEQ_1971  |7 0  |8 A  |9 373137  |a BIBTEO  |b BIBTEO  |d 2019-11-21  |h v.1  |i 2103389  |o 338.642 PEQ 1971  |p 2103389  |r 2025-01-17  |w 2019-11-21  |y BK  |k ICR 
952 |0 0  |1 0  |4 0  |6 338_642000000000000_PEQ_1971  |7 0  |8 A  |9 373138  |a BIBTEO  |b BIBTEO  |d 2019-11-21  |h v.2  |i 2103397  |o 338.642 PEQ 1971  |p 2103397  |r 2025-01-17  |w 2019-11-21  |y BK  |k ICR